Statistics for US presidential candidates by Popular Vote

Click here to take the quiz!

General Stats

  • This quiz has been taken 59 times
  • The average score is 15 of 20

Answer Stats

Popular Vote (M)Answer% Correct
69.4Barack Obama
96%
65.9Barack Obama
96%
48.9George H. W. Bush
96%
50.4George W. Bush
96%
62.0George W Bush
96%
47.2Richard Nixon
96%
47.4Bill Clinton
94%
44.9Bill Clinton
94%
65.8Hillary Clinton
94%
54.4Ronald Reagan
94%
43.9Ronald Reagan
94%
43.1Lyndon B. Johnson
84%
40.8Jimmy Carter
82%
63.0Donald Trump
80%
60.9Mitt Romney
51%
59.9John McCain
49%
39.2Bob Dole
39%
41.8Michael Dukakis
31%
51.0Al Gore
27%
59.0John Kerry
20%

Score Distribution

Percentile by Number Answered

Percent of People with Each Score

Your Score History

You have not taken this quiz